UBT Library

Children and marital conflict : (Record no. 39108)

000 -LEADER
fixed length control field 00961cam a2200241 a 4500
001 - CONTROL NUMBER
control field 4890071
005 - DATE AND TIME OF LATEST TRANSACTION
control field 20171218083537.0
008 - FIXED-LENGTH DATA ELEMENTS--GENERAL INFORMATION
fixed length control field 931105s1994 nyu b 001 0 eng
010 ## - LIBRARY OF CONGRESS CONTROL NUMBER
LC control number 93043572
020 ## - INTERNATIONAL STANDARD BOOK NUMBER
International Standard Book Number 0898623049 (acidfree paper)
020 ## - INTERNATIONAL STANDARD BOOK NUMBER
International Standard Book Number 0898623030 (pbk. : acidfree paper)
040 ## - CATALOGING SOURCE
Original cataloging agency DLC
Transcribing agency DLC
Modifying agency DLC
041 ## - LANGUAGE CODE
Language code of text/sound track or separate title eng
080 ## - UNIVERSAL DECIMAL CLASSIFICATION NUMBER
Universal Decimal Classification number 305.231 CUM
082 00 - DEWEY DECIMAL CLASSIFICATION NUMBER
Classification number 305.231 CUM
Edition number 20
100 1# - Rafti
Rafti 50
101 ## - Shkurtesa
Shkurtesa SOC
245 10 - TITLE STATEMENT
Title Children and marital conflict :
Statement of responsibility, etc E. Mark Cummings, Patrick Davies ; foreword by Robert E. Emery.
504 ## - BIBLIOGRAPHY, ETC. NOTE
Bibliography, etc Includes bibliographical references and index.
906 ## - LOCAL DATA ELEMENT F, LDF (RLIN)
a 7
b cbc
c orignew
d 1
e ocip
f 19
g y-gencatlg
942 ## - ADDED ENTRY ELEMENTS (KOHA)
Source of classification or shelving scheme
Item type Books
Holdings
Withdrawn status Lost status Source of classification or shelving scheme Damaged status Not for loan Collection code Permanent location Current location Shelving location Date acquired Total Checkouts Full call number Barcode Date last seen Price effective from Koha item type
          Koleksioni i përgjithshem UBT - Lipjan UBT - Lipjan Koleksioni i përgjithshem 12/18/2017   305.231 CUM 002-2939040 12/18/2017 12/18/2017 Books
UBT Library © 2015-2024. All rights reserved University Education for Business and Technology